Statistics for Disney cities

Click here to take the quiz!

General Stats

  • This quiz has been taken 33 times
  • The average score is 5 of 10

Answer Stats

FilmCity% Correct
One Hundred and One DalmatiansLondon
77%
The AristocatsParis
77%
Finding NemoSydney
61%
The Princess and the FrogNew Orleans
61%
Oliver and CompanyNew York
55%
Robin HoodNottingham
52%
AladdinAgrabah
45%
Monsters IncMonstropolis
23%
The Little MermaidAtlantica
19%
Chicken LittleOakey Oaks
13%

Score Distribution

Percentile by Number Answered

Percent of People with Each Score

Your Score History

You have not taken this quiz